01167nam a2200157 a 4500008004100000020001500041041000800056100001700064245005500081250003900136260004300175300001000218500010100228505066500329655001500994220829n A ||||gr|||| 001 1 SPA d a9506951059 aspa1 aKafka, Franz3 aUn médico rural.bY otros relatos /cFranz Kafka a1a ed.bTraducción Wilcok, J. R. aBuenos Aires:bAlianza editorial,cs/f a93 p. aKafka, F. (s/f). Un médico rural. Y otros relatos. (1a ed.). Buenos Aires : Alianza editorial. aUn médico rural tiene que ir a visitar a un enfermo que está en un pueblo vecino, pero su caballo ha muerto y no tiene medio de transporte. Un palafrenero acude en su ayuda y le presta dos caballos, aunque sus verdaderas intenciones no son altruistas. Atravesando una fuerte tormenta de nieve, el doctor llega hasta el hogar del paciente. Una vez allí, tiene la sensación de haber sido víctima de un engaño y teme ser objeto de nuevas burlas. Con este relato, Kafka se adentra en el duro oficio del médico rural, nos desvela sus miedos y complejos, se solidariza con un humilde doctor que sufre con frecuencia la ingratitud de los que le rodean.  aLiteratura